Světové soupeření o nerostné suroviny jako jeden z nejzávažnějších geopolitických problémů současnosti
Ekonomická a politická dimenzia problému. Príčiny nedostatočného množstva nerastných surovín spájané s hospodárskym rozmachom rozvíjajúcich sa krajín - Číny, Indie, Brazílie. Rast súperenia o nerastné suroviny na globálnej úrovni. Tlak na exportné obmedzenia krajín bohatých na suroviny. Európa na ve...
Enregistré dans:
| Auteur principal: | |
|---|---|
| Format: | Chapitre de livre |
| Langue: | tchèque |
| Sujets: | |
| Tags: |
Pas de tags, Soyez le premier à ajouter un tag!
|
MARC
| LEADER | 00000naa a2200000 4500 | ||
|---|---|---|---|
| 001 | 0152057 | ||
| 005 | 20231016094954.0 | ||
| 041 | 0 | |a cze | |
| 044 | |a CZ | ||
| 245 | 1 | 0 | |a Světové soupeření o nerostné suroviny jako jeden z nejzávažnějších geopolitických problémů současnosti |c Ivan Lukáš |
| 520 | |a Ekonomická a politická dimenzia problému. Príčiny nedostatočného množstva nerastných surovín spájané s hospodárskym rozmachom rozvíjajúcich sa krajín - Číny, Indie, Brazílie. Rast súperenia o nerastné suroviny na globálnej úrovni. Tlak na exportné obmedzenia krajín bohatých na suroviny. Európa na vedúcom mieste v závislosti na dovozoch kovov a minerálov. Hlavný rámcový dokument EÚ: Iniciatíva v oblasti surovín (Raw materials initiative). | ||
| 610 | 2 | 0 | |a suroviny nerastné |
| 610 | 2 | 0 | |a kovy |
| 610 | 2 | 0 | |a rudy |
| 610 | 2 | 0 | |a obchod zahraničný |
| 610 | 2 | 0 | |a dovoz |
| 610 | 2 | 0 | |a vývoz |
| 610 | 2 | 0 | |a Európa |
| 610 | 2 | 0 | |a Európska únia |
| 610 | 2 | 0 | |a svet |
| 610 | 2 | 0 | |a geopolitika |
| 100 | 1 | |a Lukáš, Ivan | |